000 00710nam a2200205Ia 4500
005 20260121110020.0
008 008 260114s9999 xx 000 0 hin d
020 _a9788132360032
037 _aEBOOK
040 _aCRL
_bhin
_cCRL
041 _ahin
_2hin
084 _qCRL
100 _aसुभाष कोली / Subhash Koli
_9941006
245 0 _aऊर्जा, विकास और जटिल जीवन की उत्पत्ति / Urja, Vikas aur Jatil Jeevan ki Utpatti
260 _bभाषा प्रकाशन / Bhasha Prakashan
_c2021
856 _uhttps://bhashaprakashan.com/product-details/382640
942 _cEBOOK
999 _c1532671
_d1532671